书目信息 |
| 题名: |
谁在控制你?
|
|
| 作者: | 野口哲典 著 ;闫晗 译 | |
| 分册: | ||
| 出版信息: | 北京 科学出版社 2014 |
|
| 页数: | 211页 | |
| 开本: | 21cm | |
| 丛书名: | ||
| 单 册: | ||
| 中图分类: | R335-49 | |
| 科图分类: | ||
| 主题词: | 神经递体--普及读物 , 神经递体 | |
| 电子资源: | ||
| ISBN: | 978-7-03-040470-1 | |
| 000 | 00922nam0 2200277 450 | |
| 001 | 012015000458 | |
| 005 | 20150914160642.70 | |
| 010 | @a978-7-03-040470-1@dCNY39.80 | |
| 100 | @a20140804d2014 em y0chiy50 ea | |
| 101 | 1 | @achi@cjpn |
| 102 | @aCN@b110000 | |
| 105 | @aa z 000yy | |
| 106 | @ar | |
| 200 | 1 | @a谁在控制你?@Ashei zai kong zhi ni ?@e探秘神经递质@f(日)野口哲典著@g闫晗译 |
| 210 | @a北京@c科学出版社@d2014 | |
| 215 | @a211页@c图@d21cm | |
| 300 | @a形形色色的科学 Life生活科学馆017 | |
| 330 | @a本书将向你讲述大脑的组成、神经传递素的作用、掌管人体的主要神经传递素及其作用、神经传递素与心理疾病等内容。 | |
| 517 | 1 | @a探秘神经递质 |
| 606 | 0 | @a神经递体@j普及读物 |
| 606 | 0 | @a神经递体 |
| 690 | @aR335-49@v5 | |
| 701 | 0 | @c(日)@a野口哲典@Aye kou zhe dian@c(Noguchi, Tetsunori@f1958~)@4著 |
| 702 | 0 | @a闫晗@Ayan han@4译 |
| 801 | 0 | @aCN@b碧洲教育@c20150716 |
| 905 | @a10447@f4@dR335-49@e238 | |
| 谁在控制你?:探秘神经递质/(日)野口哲典著/闫晗译.-北京:科学出版社,2014 |
| 211页:图;21cm |
| 形形色色的科学 Life生活科学馆017 |
| ISBN 978-7-03-040470-1:CNY39.80 |
| 本书将向你讲述大脑的组成、神经传递素的作用、掌管人体的主要神经传递素及其作用、神经传递素与心理疾病等内容。 |
| ● |
| 相关链接 |
|
|
|
|
正题名:谁在控制你?
索取号:R335-49/238
 
预约/预借
| 序号 | 登录号 | 条形码 | 馆藏地/架位号 | 状态 | 备注 |
| 1 | 0849278 | 208492781 | 第二样本阅览室/ [索取号:R335-49/238] | 在馆 | |
| 2 | 0849279 | 208492790 | 第三借阅区/ [索取号:R335-49/238] | 在馆 | |
| 3 | 0849280 | 208492807 | 第三借阅区/ [索取号:R335-49/238] | 在馆 | |
| 4 | 0849281 | 208492816 | 第三借阅区/ [索取号:R335-49/238] | 在馆 |